Every Eagles player of 2024 - Statistics

General Stats
  • This quiz has been taken 51 times
  • The average score is 23 of 53
Answer Stats
Hint Answer % Correct
1 Jalen Hurts
100%
26 Saqoun Barkley
94%
59 A.J. Brown
91%
6 DeVonta Smith
91%
82 Ainias Smith
85%
3 Nolan Smith Jr.
82%
98 Jalen Carter
79%
21 Sydney Brown
79%
33 Cooper DeJean
76%
27 Quinyon Mitchell
71%
2 Darius Slay Jr.
68%
8 Gardner Johnson
68%
14 Kenneth Gainwell
68%
65 Lane Johnson
68%
83 Jahan Dotson
62%
53 Zack Baun
62%
74 Fred Johnson
59%
32 Reed Blankenship
59%
7 Kenny Pickett
56%
51 Cam Jurgens
50%
68 Jordan Mailata
50%
69 Landon Dickerson
50%
17 Nakobe Dean
50%
4 Jake Elliot
47%
90 Jordan Davis
44%
81 Grant Calcaterra
41%
16 Tanner McKee
41%
19 Josh Sweat
38%
77 Mekhi Becton
35%
28 Will Shipley
35%
89 Johnny Wilson
32%
93 Milton Williams
32%
10 Braden Mann
26%
29 Avonte Maddox
24%
22 Kelee Ringo
24%
97 Moro Ojomo
24%
34 Isaiah Rodgers
21%
54 Jeremiah Trotter Jr.
21%
56 Tyler Steen
21%
23 Eli Ricks
18%
58 Jalyx Hunt
18%
18 Britain Covey
15%
42 Oren Burks
15%
59 Thomas Booker
15%
36 Tristin McCollum
15%
72 Darian Kinnard
12%
49 Rick Lovato
12%
47 C.J. Uzomah
9%
75 Jack Driscoll
9%
61 Nick Gates
9%
79 Trevor Keegan
6%
95 Charles Harris
3%
84 E.J. Jenskin
0%
No matching quizzes found
Score Distribution
Percent of People with Each Score
Percentile by Number Answered
Your Score History
You have not taken this quiz